| 000 | 01693nam0a2200337 i 4500 | ||
|---|---|---|---|
| 001 | RU\NLR\BIBL_A\011293295 | ||
| 005 | 20240921192430.0 | ||
| 010 |
_a9785858957216 _9100 |
||
| 021 |
_aRU _b2016-92218 _96092 |
||
| 035 | _a(NLR Aleph) 011293295 | ||
| 090 |
_a10934807 _c10934807 |
||
| 100 | _a20161215d2016 k y0rusy50 ca | ||
| 101 | 0 | _arus | |
| 102 | _aRU | ||
| 105 | _aa z 000zy | ||
| 200 | 1 |
_aСовременные региональные межведомственные модели организации профилактики ВИЧ-инфекции _eмонография _fА.С. Подымова, Н.В. Ножкина, О.Г. Прохорова _gФедер. гос. бюджет. образоват. учреждение высш. образования "Урал. гос. мед. ун-т" М-ва здравоохранения Рос. Федерации |
|
| 210 |
_aЕкатеринбург _cИзд-во УГМУ _d2016 |
||
| 215 |
_a175 с. _cил. _d21 |
||
| 320 | _aБиблиог.: с. 126-151 (237 назв.) | ||
| 606 | 1 |
_aВИЧ-инфекция _xПрофилактика _92345290 _3RU\NLR\AUTH\661401559 |
|
| 606 | 1 |
_aВИЧ-инфекция _xЭпидемиология _yСвердловская область _92310165 _3RU\NLR\AUTH\6601608380 |
|
| 686 | 1 | _aР194.87 | |
| 686 | 1 | _aР11(2)285.148.7 | |
| 686 | 1 | _aР192.9(2Р36-4Св) | |
| 700 | 1 |
_aПодымова _bА. С. _gАнжелика Сергеевна |
|
| 701 | 1 |
_aНожкина _bН. В. _gНаталья Владимировна |
|
| 701 | 1 |
_aПрохорова _bО. Г. _gОльга Геннадьевна |
|
| 942 | _cBOOK | ||
| 980 | _aNBR | ||